00843nam a2200253 a 4500001001300000003000900013005001700022008004100039020001000080082001600090100002700106245003700133260005400170300000900224500003500233505001000268650001100278700002700289902000800316942000700324952011700331952012400448999001700572nice12345678IN_TiNIC20260116013442.0050524s0000 hyda grp 000 0 eng  ac10000a297.4bBAI2 aBaig, Mirza Safdar Ali aSufism, Mysticism and Philosophy aHyderabad bMarkazi Anjuman Taleemus Salat c0000 a181p aincludes index and biblioraphy2 aIndex aSufism1 aBaig, Mirza Safdar Ali bSRS cBK 001040708StackRoom-aHMIbHMId2012-07-18g100.00l0o297.4 BAI2p018249r2012-07-18v100.00w2005-05-24yBK 00104070aHMIbHMIcGENd2022-09-23eAndreas D'Souza"s g125.00l0o297.4 BAI2p11002881r2026-01-16w2026-01-16yBK c11041d11041